000 00278nam a2200109Ia 4500
008 231219s9999 xx 000 0 und d
041 _aeng
100 _aRaymond J.Taylor.
245 _aCompany Seeretarial Practice and Law.
260 _bCassell London.
650 _aManagement
999 _c974721
_d974721